Normal view
MARC view
Entry Personal Name
001 - CONTROL NUMBER
- control field: 18891
003 - CONTROL NUMBER IDENTIFIER
- control field: OSt
005 - DATE AND TIME OF LATEST TRANSACTION
- control field: 20260305200221.0
008 - FIXED-LENGTH DATA ELEMENTS
- fixed length control field: 260305|| aca||aabn | a|a d
040 ## - CATALOGING SOURCE
- Original cataloging agency: OSt
- Transcribing agency: OSt
100 ## - HEADING--PERSONAL NAME
- Personal name: Bulan, Reychelle T., author
670 ## - SOURCE DATA FOUND
- Source citation: Work cat.: (OSt)4793: Bulan, Reychelle T., author., Employee retention management practices of selected convenience stores in Cavite /, 2023.
